| Tag |
First Indicator |
Second Indicator |
Subfields |
| LEADER |
00000pam a2200000 a 4500 |
| 001 |
in00000073699 |
| 005 |
20151008054655.0 |
| 008 |
810727s1981 nyua b 10100 eng |
| 010 |
|
|
|a 81012422
|
| 020 |
|
|
|a 0893521582
|
| 035 |
|
|
|a (OCoLC)07733699
|
| 035 |
|
|
|9 AAJ1343AM
|
| 039 |
0 |
|
|a 2
|b 3
|c 3
|d 3
|e 3
|
| 040 |
|
|
|a DLC
|c DLC
|d TXA
|d UtOrBLW
|
| 049 |
|
|
|a TXAM
|c [1167120]
|
| 050 |
0 |
0 |
|a QP141.A1
|b F66
|
| 060 |
|
0 |
|a QU 145 F6894 1980
|
| 082 |
0 |
|
|a 613.2
|2 19
|
| 245 |
0 |
0 |
|a Food, nutrition, and evolution :
|b food as an environmental factor in the genesis of human variability /
|c edited by Dwain N. Walcher, Norman Kretchmer.
|
| 264 |
|
1 |
|a New York :
|b Masson Pub. USA,
|c [1981]
|
| 264 |
|
4 |
|c ©1981
|
| 300 |
|
|
|a xi, 234 pages :
|b illustrations ;
|c 27 cm.
|
| 336 |
|
|
|a text
|b txt
|2 rdacontent
|
| 337 |
|
|
|a unmediated
|b n
|2 rdamedia
|
| 338 |
|
|
|a volume
|b nc
|2 rdacarrier
|
| 500 |
|
|
|a Papers presented at the 5th international congress of the International Organization for the Study of Human Development held May, 1980, in Campione, Italy.
|
| 504 |
|
|
|a Includes bibliographies and index.
|
| 650 |
|
0 |
|a Nutrition
|v Congresses.
|
| 650 |
|
0 |
|a Human evolution
|v Congresses.
|
| 650 |
|
0 |
|a Food habits
|v Congresses.
|
| 650 |
|
0 |
|a Celiac disease
|x Congresses.
|
| 650 |
|
2 |
|a Nutritional Physiological Phenomena
|x congresses.
|
| 650 |
|
2 |
|a Food Preferences
|x Congresses.
|
| 650 |
|
2 |
|a Biological Evolution
|x Congresses.
|
| 700 |
1 |
|
|a Walcher, Dwain N.,
|d 1915-
|
| 700 |
1 |
|
|a Kretchmer, Norman,
|d 1923-
|
| 710 |
2 |
|
|a International Organization for the Study of Human Development.
|
| 999 |
|
|
|a MARS
|
| 999 |
f |
f |
|s 5be890cb-fb24-39b1-a381-d24786fd8144
|i a65a419d-a010-35ca-a6f9-be9a5775e711
|t 0
|
| 952 |
f |
f |
|p normal
|a Texas A&M University
|b College Station
|c Sterling C. Evans Library
|d Evans: Library Stacks
|t 0
|e QP141.A1 F66
|h Library of Congress classification
|i unmediated -- volume
|m A14806223514
|
| 998 |
f |
f |
|a QP141.A1 F66
|t 0
|l Evans: Library Stacks
|